Thể dục 5 Sách giáo viên

Wedi'i Gadw mewn:
Manylion Llyfryddiaeth
Prif Awdur: Trần, Đồng Lâm
Awduron Eraill: Đặng, Đức Thao
Fformat: Llyfr
Iaith:Undetermined
Cyhoeddwyd: H. Giáo dục Việt Nam 2010
Pynciau:
Mynediad Ar-lein:http://lrc.tdmu.edu.vn/opac/search/detail.asp?aID=2&ID=16340
Tagiau: Ychwanegu Tag
Dim Tagiau, Byddwch y cyntaf i dagio'r cofnod hwn!
Thư viện lưu trữ: Trung tâm Học liệu Trường Đại học Thủ Dầu Một
LEADER 00682nam a2200217Ia 4500
001 TDMU_16340
008 210410s9999 xx 000 0 und d
082 |a 790.72 
090 |b TR121 
100 |a Trần, Đồng Lâm 
245 0 |a Thể dục 5 
245 0 |b Sách giáo viên 
245 0 |c Trần Đồng Lâm 
260 |a H. 
260 |b Giáo dục Việt Nam 
260 |c 2010 
300 |a 176tr 
650 |a Sách lớp 5; Sách giáo viên; Thể dục 
700 |a Đặng, Đức Thao 
856 |u http://lrc.tdmu.edu.vn/opac/search/detail.asp?aID=2&ID=16340 
980 |a Trung tâm Học liệu Trường Đại học Thủ Dầu Một